National Assembly Library of Thailand

จดหมายข่าวสมาคมอาเซียน-ประเทศไทย (ระเบียนเลขที่ 96584)

รายละเอียดในรูปแบบ MARC
000 -LEADER
fixed length control field 00660nas a22001937a 4500
003 - CONTROL NUMBER IDENTIFIER
control field NALT
005 - DATE AND TIME OF LATEST TRANSACTION
control field 20210619130555.0
008 - FIXED-LENGTH DATA ELEMENTS--GENERAL INFORMATION
fixed length control field 200121b th |||p| |||| 00| 0 tha d
040 ## - CATALOGING SOURCE
Original cataloging agency NALT
041 ## - LANGUAGE CODE
Language code of text/sound track or separate title tha
245 ## - TITLE STATEMENT
Title จดหมายข่าวสมาคมอาเซียน-ประเทศไทย
246 ## - VARYING FORM OF TITLE
Title proper/short title AAT Newsletter
247 ## - FORMER TITLE
Title ASEAN Association of Thailand
260 ## - PUBLICATION, DISTRIBUTION, ETC.
Place of publication, distribution, etc. สมาคมอาเซียน-ประเทศไทย กระทรวงการต่างประเทศ
310 ## - CURRENT PUBLICATION FREQUENCY
Current publication frequency รายสามเดือน
850 ## - HOLDING INSTITUTION
Holding institution NALT
942 ## - ADDED ENTRY ELEMENTS (KOHA)
Koha item type Journal/Magazine
Serial record 1
Source of classification or shelving scheme Library of Congress Classification
998 ## - STAFF NAME (NALT)
-- 1020
-- จำเรียง ระวังสำโรง

ไม่มีตัวเล่มให้บริการ

หอสมุดรัฐสภา
สำนักงานเลขาธิการสภาผู้แทนราษฎร เลขที่ 1111 ถนนสามเสน แขวงถนนนครไชยศรี เขตดุสิต กรุงเทพฯ 10300
The Secretariat of the House of Representatives 1111 Samsen Road, Thanon Nakhon Chai Si, Dusit, Bangkok 10300, THAILAND
โทรศัพท์: +66(0) 2242 5900 ต่อ 5714-5 โทรสาร: +66(0) 2242 5990 อีเมล: [email protected]